000 00939nam a22002651u 4500
001 05931
003 HDC
007 cr bn ---
008 210121p xx fo d 00 engg
040 _aHDC
100 _aProf. Dr. Faqir Muhammad Anjum
_96265
245 0 _aSTATUS OF INGREDIENTS FOR FOOD PRODUCTION IN ISLAMIC PERSPECTIVES /
_cby Prof. Dr. Faqir Muhammad Anjum
260 _a[No place] :
_b[publisher not identified],
_c2011
300 _a53 pages :
_bIllustrations
336 _atext
_2rdacontent
337 _acomputer
_2rdamedia
338 _aonline resource
_2rdacarrier
650 _aFood Production
_93722
650 _aHalal industry
_9144
650 _aHalal ingredients
_95563
856 _zRequest full-text at [email protected]
942 _2lcc
942 _cSLIDE
942 _kSLID 000633
999 _c3255
_d3255